LEADER 01113nam--2200373---450- 001 990003007360203316 005 20151112113759.0 035 $a000300736 035 $aUSA01000300736 035 $a(ALEPH)000300736USA01 035 $a000300736 100 $a20071108d1946----km-y0itay50------ba 101 $aita 102 $aIT 105 $a||||||||001yy 200 1 $aAntologia delle letterature straniere$fMario Praz, Ettore Lo Gatto 210 $aFirenze$cSansoni$d[stampa 1946] 215 $avolumi$d21 cm 327 1 $a<> : VIII, 454 p. - < : 448-1146 p. ; 606 0 $aLetteratura$xAntologie 676 $a808.8 700 1$aPRAZ,$bMario$011364 701 1$aLO GATTO,$bEttore$05182 801 0$aIT$bsalbc$gISBD 912 $a990003007360203316 951 $aFC M 845/1$bFC$cM II 951 $aFC M 845/2$bFC$cM II 959 $aBK 969 $aDILAM 979 $aDILAM$b90$c20071108$lUSA01$h0948 979 $aDILAM1$b90$c20080605$lUSA01$h1126 979 $aALESSANDRA$b90$c20151112$lUSA01$h1137 996 $aAntologia delle letterature straniere$9105403 997 $aUNISA LEADER 02898nam 2200709 a 450 001 9910454117703321 005 20200520144314.0 010 $a1-282-49436-8 010 $a9786612494369 010 $a0-7391-3507-4 035 $a(CKB)1000000000721918 035 $a(EBL)467008 035 $a(OCoLC)655028276 035 $a(SSID)ssj0000233031 035 $a(PQKBManifestationID)12085758 035 $a(PQKBTitleCode)TC0000233031 035 $a(PQKBWorkID)10220684 035 $a(PQKB)11288188 035 $a(MiAaPQ)EBC467008 035 $a(Au-PeEL)EBL467008 035 $a(CaPaEBR)ebr10353574 035 $a(CaONFJC)MIL249436 035 $a(EXLCZ)991000000000721918 100 $a20081030d2009 uy 0 101 0 $aeng 135 $aur|n|---||||| 181 $ctxt 182 $cc 183 $acr 200 10$aReading Japan cool$b[electronic resource] $epatterns of manga literacy and discourse /$fJohn E. Ingulsrud and Kate Allen 210 $aLanham $cLexington Books$dc2009 215 $a1 online resource (245 p.) 300 $aDescription based upon print version of record. 311 $a0-7391-2753-5 320 $aIncludes bibliographical references (p. 211-224) and index. 327 $aContents; Figures; Tables; Preface; Acknowledgments; Chapter 1: Manga in the Discourse of Japan Cool; Chapter 2: The Nature of Manga Discourse; Chapter 3: Manga in the History of Literacy; Chapter 4: The Literacy Practices of Reading Manga; Chapter 5: Strategies for Comprehending Manga; Chapter 6: Reasons for Reading Manga; Chapter 7: The Effects of Literacy; Appendix; Glossary; Bibliography; Index 330 $aThe characters, the stories, and the sensibilities coming out of Japanese animation, manga, and video games are together called Japan Cool. The origins of the movement are in manga, the practices of the readers, the diversity of the titles, and the sheer number of works. 606 $aComic books, strips, etc$zJapan$xHistory and criticism 606 $aLiteracy$zJapan 606 $aPopular culture$xJapanese influences 606 $aSociolinguistics$zJapan 606 $aVideo games$zJapan$xHistory and criticism 606 $aReading$xSocial aspects$zJapan 606 $aPopular education$zJapan 608 $aElectronic books. 615 0$aComic books, strips, etc.$xHistory and criticism. 615 0$aLiteracy 615 0$aPopular culture$xJapanese influences. 615 0$aSociolinguistics 615 0$aVideo games$xHistory and criticism. 615 0$aReading$xSocial aspects 615 0$aPopular education 676 $a741.5/952 700 $aIngulsrud$b John E$01054083 701 $aAllen$b Kate$f1950-$01054084 801 0$bMiAaPQ 801 1$bMiAaPQ 801 2$bMiAaPQ 906 $aBOOK 912 $a9910454117703321 996 $aReading Japan cool$92486396 997 $aUNINA LEADER 01234nam a2200289 i 4500 001 991000469469707536 005 20230428151610.0 008 941119s1970 it ||| | ita 035 $ab10082244-39ule_inst 035 $aLE02516640 040 $aFac. Economia$bita 082 04$a346.02 082 04$a346.0922 082 04$a348.023 100 1 $aScognamiglio, Renato$0132941 245 10$aDei contratti in generale :$bdisposizioni preliminari, dei requisiti del contratto : Art. 1321-1352 /$cRenato Scognamiglio 260 $aBologna :$bZanichelli ;$aRoma :$bSoc. ed. del Foro italiano,$c1970 300 $axxvii, 491 p. ;$c25 cm 490 1 $aCommentario del codice civile / a cura di Antonio Scialoja e Giuseppe Branca.$aLibro 4. : Delle obbligazioni 650 4$aContratti 907 $a.b10082244$b17-02-17$c27-06-02 912 $a991000469469707536 945 $aLE005 DIR I A 229$g1$i2005000157103$lle005$o-$pE0.00$q-$rl$s-$t0$u0$v0$w0$x0$y.i13052597$z09-01-04 945 $aLE025 348 CCC/IV (ART.1321-1352)$g1$i2025000015258$lle025$o-$pE0.00$q-$rn$so$t0$u0$v0$w0$x0$y.i10093783$z27-06-02 996 $aDei contratti in generale$9195770 997 $aUNISALENTO 998 $ale005$ale025$b01-01-94$cm$da$e-$fita$git$h0$i2